| 000 | 00874nam a2200253Ia 4500 | ||
|---|---|---|---|
| 003 | OSt | ||
| 005 | 20220918112000.0 | ||
| 006 | a|||||r|||| 00| 0 | ||
| 007 | ta | ||
| 008 | 220915b |||||||| |||| 00| 0 hin d | ||
| 024 | _a36846 | ||
| 037 | _cTextbook | ||
| 040 |
_bhin _aARTS _cARTS |
||
| 041 | _ahin | ||
| 082 | _aO15,2D70:g, L3-;2 | ||
| 100 |
_aशर्मा, ब्रज वल्लभ _98953 |
||
| 245 | 0 | _aभवभूति के नाटक | |
| 246 | _aBhavabhūti ke nāṭaka | ||
| 260 |
_aभोपाल _bमध्य प्रदेश हिन्दी ग्रन्थ अकादमी भारत _c1973 |
||
| 300 |
_a363पण् _ccm. |
||
| 650 | _aहिन्दी साहित्य | ||
| 942 |
_hO15,2D70:g, L3-;2 _cTB _2CC |
||
| 999 |
_c117713 _d117713 |
||